World databases in biosciences & pharmacology / (Record no. 100388)

MARC details
000 -LEADER
fixed length control field 00921cam a22002778a 4500
008 - FIXED-LENGTH DATA ELEMENTS--GENERAL INFORMATION
fixed length control field
020 ## - INTERNATIONAL STANDARD BOOK NUMBER
International Standard Book Number 1857390687 (hbk.)
049 ## - LOCAL HOLDINGS (OCLC)
Holding library MAIN
090 ## - LOCALLY ASSIGNED LC-TYPE CALL NUMBER (OCLC); LOCAL CALL NUMBER (RLIN)
Classification number (OCLC) (R) ; Classification number, CALL (RLIN) (NR) REF QH303.15
003 - CONTROL NUMBER IDENTIFIER
control field
005 - DATE AND TIME OF LATEST TRANSACTION
control field 20230120191409.0
040 ## - CATALOGING SOURCE
Transcribing agency NUST
245 00 - TITLE STATEMENT
Title World databases in biosciences & pharmacology /
Statement of responsibility, etc. edited by C.J. Armstrong & R.R. Fenton.
246 3# - VARYING FORM OF TITLE
Title proper/short title World databases in biosciences and pharmacology
260 ## - PUBLICATION, DISTRIBUTION, ETC.
Place of publication, distribution, etc. London ;
-- New Jersey :
Name of publisher, distributor, etc. Bowker Saur,
Date of publication, distribution, etc. c1996.
300 ## - PHYSICAL DESCRIPTION
Extent xiii, 1325 p. ;
Dimensions 31 cm.
440 #0 - SERIES STATEMENT/ADDED ENTRY--TITLE
Title World databases series ;
Volume/sequential designation 12
500 ## - GENERAL NOTE
General note Includes indexes.
650 #0 - SUBJECT ADDED ENTRY--TOPICAL TERM
Topical term or geographic name entry element Life sciences
General subdivision Databases
Form subdivision Directories.
650 12 - SUBJECT ADDED ENTRY--TOPICAL TERM
Topical term or geographic name entry element Biological Sciences
Form subdivision bibliography.
650 12 - SUBJECT ADDED ENTRY--TOPICAL TERM
Topical term or geographic name entry element Databases, Bibliographic
Form subdivision directories.
700 1# - ADDED ENTRY--PERSONAL NAME
Personal name Armstrong, C. J.
700 1# - ADDED ENTRY--PERSONAL NAME
Personal name Fenton, R. R.
907 ## - LOCAL DATA ELEMENT G, LDG (RLIN)
a .b10072718
b 12-03-15
c 17-04-03
942 ## - ADDED ENTRY ELEMENTS (KOHA)
Koha item type Ordinary Loan Books
Call number prefix REF QH303.15
Holdings
Date last seen Total Checkouts Full call number Barcode Cost, replacement price Price effective from Koha item type Lost status Source of classification or shelving scheme Damaged status Not for loan Collection Withdrawn status Home library Current library Shelving location Date acquired Cost, normal purchase price
01/20/2023   REF QH303.15 WOR 92003021374 80.00 01/20/2023 REF   LCC     NFIC   MAIN MAIN GEN 01/20/2023 80.00